Advanced linear algebra

Αποθηκεύτηκε σε:
Λεπτομέρειες βιβλιογραφικής εγγραφής
Κύριος συγγραφέας: Roman, Steven
Μορφή: Βιβλίο
Γλώσσα:English
Δημοσίευση: New York : Springer-Verlag, c1992
Σειρά:Graduate texts in mathematics ; ; 135
Θέματα:
Ετικέτες: Προσθήκη ετικέτας
Δεν υπάρχουν, Καταχωρήστε ετικέτα πρώτοι!

MARC

LEADER 00000cam a2200000 i 4500
001 1/32480
008 941103s1992 eng d
020 |a 0387978372 (hbk.) 
020 |a 3540978372 
035 |l 10039110 
035 |a 93307/5 
040 |a GR-MY-UA  |b gre  |e aacr 
041 0 |a eng 
082 0 |a 512.5  |2 (20) 
100 1 |a Roman, Steven. 
245 1 0 |a Advanced linear algebra /  |c Steven Roman 
260 |a New York :   |b Springer-Verlag,   |c c1992 
300 |a xii, 363 p.;  |b ill.;  |c 25 cm 
490 1 |a Graduate texts in mathematics  |v ; 135 
504 |a Includes bibliographical references (p. [353]) and index 
650 0 0 |a Algebras, Linear. 
830 0 |a Graduate texts in mathematics ;  |v ; 135 
852 |a INST  |b CHIOS  |e 20050304  |h 512.5 ROM  |p 005200022204  |q 005200022204  |t BK  |y 0 
852 |a INST  |b SAMOS  |e 19941103  |h 512.5 ROM  |p 005300003756  |q 005300003756  |t BK  |y 0 
901 |a BIBL2-2005-1 
909 |a Σ  |b 029626 
909 |a Χ  |b 112692 
920 |a ΔΙΕΥΡΥΝΣΗ  |b ΕΠΕΑΕΚ-ΤΜΟΔ  |y ΧΙΟΣ  |z 2004-12